| 000 | 01812nam a2200385 i 4500 | ||
|---|---|---|---|
| 001 | 768714001 | ||
| 003 | CO-MdFUSB | ||
| 005 | 20260328124544.0 | ||
| 007 | ta | ||
| 008 | 241003t2003 sp |||| |||| 00| 0 spa d | ||
| 020 | _a84-8267-312-2 | ||
| 040 |
_bspa. _aCO-MdFUSB _cCO-MdFUSB _dCO-MdFUSBC _erda |
||
| 041 | _aspa | ||
| 082 |
_223 _a230.14 _bM516 |
||
| 245 | 3 |
_aLo mejor de Ireneo de Lyon _c/ compilado y traducido por Alfonso Ropero |
|
| 264 | 1 |
_bClie, _aBarcelona, España : _c[2003] |
|
| 264 | 4 | _c©2003 | |
| 300 |
_a735 páginas _c; 24 cm |
||
| 336 |
_2rdacontent _atexto _btxt |
||
| 337 |
_2rdamedia _asin mediación _bn |
||
| 338 |
_2rdacarrier _avolumen _bnc |
||
| 490 | _aGrandes Autores de la Fe | ||
| 500 | _aIncluye índice de conceptos teológicos | ||
| 505 |
_tContra las herejías: _aExposición de las doctrinas heréticas. -- Refutación de la tesis valentiniana. -- Testimonio de las escrituras. -- La enseñanza de Cristo. -- Enseñanza de las cartas de Pablo. _tDemostración de la enseñanza apostólica: _aCompendio de la fe cristiana. -- Necesidad de mantener la armonía entre el cuerpo y el alma. -- Necesidad de la regla de fe. -- Dios creador de todas las cosas. -- Dios crea por medio del Logos y del Espíritu. -- La regla trinitaria. -- El bautismo y el nuevo nacimiento. -- Paternidad y Señorío del Creador. -- Los siete cielos. -- La creación de los ángeles. -- La creación del hombre. |
||
| 563 | _aRústica | ||
| 650 | 7 |
_aApologética _9187 |
|
| 650 | 7 |
_aHerejías cristianas _9350 |
|
| 653 | _aTeología patrística | ||
| 653 | _aPadres de la Iglesia | ||
| 653 | _aIreneo de Lyon — Escritos | ||
| 653 | _aDoctrina cristiana primitiva | ||
| 700 | 1 |
_aRopero, Alfonso _91287 _ecompilador y traductor |
|
| 942 | _cBK | ||
| 945 | _aCatherine Arias Alvarez | ||
| 999 |
_c71022 _d71022 |
||